Statistiques concernant Featuring de Jul

Cliquez ici pour prendre le quiz!

Statistiques générales

  • Ce quiz a été pris 548 fois
    (262 depuis la dernière actualisation)
  • Le résultat moyen est 29 sur 154

Statistiques - réponses

TitreArtiste% Correct
Mother Fuck / Mode akimbo / Sapapaya / Avengers / Bande organisée / Planète mars 2021 / L'étoile sur le maillot / C'est maintenant / Je suis Marseille / FantômeSCH
93%
Bouge moi de làLe K
89%
Toda la noche / C'est la cité / Guytoune / La seleçao / Sans limites / Mek du binks / Avengers / Bande organisée / War zone / C'est maintenant / 13 balles / Papier rose / Le monde est à nousNaps
89%
Hold-Up / Oh fou / Quelqu'un d'autre t'aimera / On nique tout / Normal / Comme d'hab / La seleçao / Sur la moto / Ils le savent / L'étoile sur le maillot / War zone / C'est maintenant / Je suis MarseilleAlonzo
87%
Tel me / Et je deviens fou / Jusqu'à minuitNinho
79%
DybalaMaes
77%
Pourquoi tu me fais le gros / Jeune de cité / Puta Madre / Bande organisée / Combien / Ma gadji / La nuitSoso Maness
73%
Bande organisée / Ma gadji / C'est maintenant / 13 balles / Le FameuxKofs
71%
Hold-Up / Sapapaya / On m'a dit / On va où / L'étoile sur le maillot / Tout a changé / C'est maintenant / Je suis MarseilleL'Algérino
67%
La street / Toda la noche / Vatos locos / Europa / Je le savais / Se GritaMorad
65%
GTA / Gilera / Moulaga / Plata en platineHeuss l'enfoiré
59%
Dors on te piétineGazo
57%
Comme un voyou / Madame / Full option / Mets les en I / L'étoile sur le maillot / Ma gadji / Tout a changé / Je suis Marseille / Fantôme / A FORCE DE VIVRELe Rat Luciano
55%
TKT / Ca ne change pas / Planète mars 2021 / Combien / Tout a changéSoprano
54%
Sortez les bouteilles / Bande organisée / Combien / Partout c'est la même / HeatELAMS
52%
TCPLTKoba la D
50%
Loin de tout / Single d'orWejdene
49%
Eric CantonaLacrim
48%
1 fois mais pas 2 / La frappe de Tanger / Faut faire des choix / Les gens / Bouge moi de là / La gâchette / Abandonner / Ils sont jaloux / On s'en bat les... / Pourquoi tu me fais le gros / On survit / Si seulement / Bande organisée / War zoneHouari
47%
PirelliMister V
46%
Bouge moi de là / Pas de love / VNTM / Crush / Y'a la police / Cartel de platine / 1369 / Plata en platine / 13 Marseille / Faut que tu les guinteTK
46%
1 fois mais pas 2 / La frappe de Tanger / Faut faire des choix / Les gens / Fait tes comptes / Laisse moi là seul / Fatigué / VNTM / Je réponds plus / Mauvaises tentations / Samantha / Survêt du Milan / Je te voyais comme... / Très loin / A la Vida a la Muerte / Chapeau de paille / Y'a la police / Cartel de platine / Combien / Miami Vice / On va tout PT / 1369 / Plata en platine / 13 Marseille / Faut que tu les guinte / En roue libre / Les CausesMoubarak
45%
D’or et de PlatineGradur
43%
Cagoulé / Je ne comprends pas / Dans la zoneKalash Criminel
41%
Ma chérie / BoucanMaitre Gims
41%
MercéBenjamin Mendy
40%
Come vai / Va bene / Fruit de la zone / CNLZ / Plata en platineSoolking
36%
Marseille - Paris / Ça se fait pasMister You
35%
Je suis MarseilleAkhenaton
33%
Ne crois pas que c'est drôleRK
32%
Bande organisée / Combien / Tout a changéSolda
32%
Bouge moi de làGambi
30%
Fait tes comptes / Ah c'est comme ça ! / On est trop / Phénomène du Ghetto / Léwé / Maria Maria / CopacabanaGhetto phénomène
30%
Toute la nuit / Ibiza / J'ai vidé le magnumJimmy Sax
29%
Pim pomShay
29%
La beu beuTimal
29%
Ca les dérangeVitaa
29%
Tout graillerSofiane
28%
Je vais t'oublier / ça y estMarwa Loud
26%
J'suis loinVald
26%
Heat / Truc de maladeGraya
25%
Si tu savais / Chasse à l'hommeLandy
25%
On se régaleBengous
23%
La frappe de Tanger / Faut faire des choix / Les gens / Bouge moi de là / Y'a la police / Cartel de platine / Le monde est à nousGips
23%
Va beneNaza
22%
4 Juin 2022Team Jul
22%
Basta Cosi / War zone / Miami ViceThabiti
22%
VNTMGambino
21%
MercéMehdi
21%
Léger guiBrulux
20%
Elle veut / 1369L'Allemand
20%
C'est ma vieSasso
20%
FeuxPoupie
19%
Pourquoi tu me fais le gros / Malade / Audi volée / AvengersKalif Hardcore
18%
LegendRohff
18%
Heat / 13 balles / Papier rose100 Blaze
17%
A la Vida a la Muerte / StopImen Es
17%
Fait tes comptes / Bouge moi de là / Ils sont jaloux / On veut le million / Pourquoi tu me fais le gros / T'es pas le seul / Je veux / Miami Vice / C'est maintenant / La nuit / Dans mes rêvesKamikaz
17%
Bando / BéANNA
16%
Toi-même tu saisDoria
16%
NamekOmah Lay
16%
CocoVacra
16%
La folie du ter ter / Chapeau de paille / 1369La Famax
14%
C'est pas la mairieKVRA
13%
Que ça dureBigflo & Oli
12%
Grazie la zone / EuropaRhove
12%
Je suis MarseilleShurik'n
12%
Va beneTayc
11%
Hors la loi / Ils sont jaloux / Pourquoi tu me fais le gros / L'étoile sur le maillot / CombienVeazy
11%
MexicaineDinor
10%
Chocolata / EuropaElai
10%
Rentrez pas dans ma têteNessbeal
10%
Ratata / La vie de rêveMula B
9%
Je mets le wayVladimir Cauchemar
9%
L'étoile sur le maillot / Partout c'est la même / War zoneAs
8%
HeatKeny Arkana
8%
Partout c'est la même / Break / Ma gadjiSAF
8%
Bouge moi de là / En place / 13 ballesA-deal
7%
War zoneAM La Scampia
7%
Ils sont jaloux / Pourquoi tu me fais le gros / La nuitBilk
7%
13 ballesDadinho
7%
Ils sont jaloux / Pourquoi tu me fais le grosLiga One
7%
13 ballesMoh
7%
Coeur démoliNia
7%
La Bellavita / Aqua dans la MercedesPaky
7%
L'étoile sur le maillot / Tout a changéStone Black
7%
War zone / Miami ViceZbig
7%
Camouflage3robi
6%
Le regard des gensCheb Khalass
6%
Ils sont jaloux / Pourquoi tu me fais le gros / Partout c'est la mêmeFriz
6%
Encore des parolesJulie Gonzalez
6%
Bouge moi de là / VNTMMiklo
6%
Tout a changé / Miami ViceSysa
6%
Mon sucre d'amourDJ Sozé
5%
LoinGP
5%
ProblèmesKenza Farah
5%
Je m'endors mal lunéNORDO
5%
Poto où t'esSimo
5%
Partout c'est la mêmeVincenzo
5%
TraîtreWanted
5%
Sur la selleAbduh
4%
Ma gadjiDon Choa
4%
Partout c'est la même / Tout a changé / La nuit / Je suis MarseilleFahar
4%
Team D&PLes Moustiques
4%
Samantha / Mon tiek ti amoNorey FZ
4%
VNTMOscar
4%
Ma gadjiOussagaza
4%
13 ballesZak
4%
Ma gadji2 bang
3%
Mon coeur pour toiAny Gonzalez
3%
Ah c'est comme ça !Axèle
3%
La rue dans le CayenneAymane Serhani
3%
HeatBanguiz
3%
Sous tensionDidine Canon 16
3%
La haineDim-E
3%
Partout c'est la même / Miami ViceDrime
3%
TerterFont-vert
3%
Première LeagueFrench The Kid
3%
Samantha / Quand on est pas làGer
3%
La nuitKara
3%
On m'a tourné le dosLoredana
3%
CombienMany
3%
Tout a changéMenzo
3%
VNTMMetah
3%
Pistolet 45M Huncho
3%
Uwa Ni LéObilisa
3%
13 MarseillePsy 4 de la rime
3%
Posé à la place 2Saiah
3%
Sous tensionSamara
3%
Heat / C'est maintenantSat L'Artificier
3%
1369Vrax
3%
VNTMZackmess
3%
Je m'en fous de toutDabeull
2%
Qu'est ce que je t'ai fait ?Djena Della
2%
La nuitDjiha
2%
PotionFeduk
2%
Je saisFrenetik
2%
Samantha / La zoneHors Ligne
2%
CombienJhonson
2%
CNLZKliff
2%
Braquage à la MarseillaiseLe 3ème Oeil
2%
Uwa Ni LéMedi Meyz
2%
Like YaNyanda
2%
HeatSauzer
2%
La nuitTonyno
2%
Va bene4.4.2
1%
ParanoiaDelaJowy
1%
13 ballesDiego
1%
La nuitJazzy Jazz
1%
A FORCE DE VIVREKLS
1%
Faut que tu les guinteBadjoe
0%
DPCCasque arai
0%
ParanoiaSativaMusic
0%
OulalaVoltage
0%

Distribution des résultats

Percentile par nombre de réponses

% des personnes avec chaque résultat

Votre développement - résultats

Vous n’avez pas pris ce quiz depuis la dernière actualisation